| 000 | 00789nam a22002297a 4500 | ||
|---|---|---|---|
| 003 | OSt | ||
| 005 | 20240402210939.0 | ||
| 008 | 231026b |||||||| |||| 00| 0 eng d | ||
| 020 | _a9789586015929 | ||
| 037 | _3Donación | ||
| 040 |
_aCO-JMCR _cCO-JMCR _dCO-JMCR _erda |
||
| 082 |
_aA-N _bGALs |
||
| 100 |
_eautor _aGaleano, Eduardo _910313 |
||
| 245 |
_aSer como ellos y otros artículos / _cEduardo Galeano |
||
| 260 |
_aColombia _bTM editores _c1996 |
||
| 300 |
_a129 páginas _c21 cm |
||
| 500 | _aIncluye datos biográficos del autor | ||
| 505 | _aApuntes sobre la memoria y sobre el fuego, pág 3 -- Cinco siglos de prohibicion del arcoiris en el cielo americano, pág 17 | ||
| 650 |
_2JMCR _aLiteratura Uruguaya _913601 |
||
| 650 |
_aEnsayos Uruguayos _943549 |
||
| 942 |
_2ddc _cBK |
||
| 999 |
_c30294 _d16678 |
||